| 000 | 00565nam a2200241Ia 4500 | ||
|---|---|---|---|
| 005 | 20250425161812.0 | ||
| 008 | 250425s9999 xx 000 0 und d | ||
| 020 | _a013191958X | ||
| 041 | _aspa | ||
| 082 | _a005.1 | ||
| 100 | _aYOURdON, EDWARD | ||
| 245 | 0 | _aDECLINE & FALL OF THE AMERICAN PROGRAMMER | |
| 250 | _a1A ED. | ||
| 260 |
_aEstados Unidos _bYOURDON PRESS _c1993 |
||
| 260 | _aS.L. | ||
| 300 | _a352 | ||
| 650 | _aCOMPUTADORES | ||
| 650 | _aPROGRAMACION | ||
| 650 | _aVIRUS | ||
| 710 | _aYOURDON PRESS | ||
| 942 | _c01 | ||
| 010 | _a30264 | ||
| 999 |
_c216411 _d216411 |
||